| 000 | 00594cam a2200217u 4500 | ||
|---|---|---|---|
| 005 | 20241220103551.0 | ||
| 008 | 080531n xx# eng d | ||
| 001 | BK0004213320 | ||
| 020 |
_a9780689852916 : SAL _c$17.99 |
||
| 020 |
_a0689852916 : SAL _c$17.99 |
||
| 035 | _a(Sirsi) i9780689852916 | ||
| 040 |
_aBaker & Taylor _cBaker & Taylor _dBaker & Taylor |
||
| 082 | _aFAL | ||
| 092 | _aFAL | ||
| 100 | 1 |
_aFalconer, Ian. _957088 |
|
| 245 | 0 | 0 | _aOlivia . . . and the Missing Toy |
| 260 | _bSimon & Schuster | ||
| 600 | 1 | 0 |
_aFalconer, Ian. _957088 |
| 942 |
_cBOOK _0196 |
||
| 998 | _aa10847 | ||
| 999 |
_c5344 _d5344 |
||